Nghiên cứu đặc điểm bệnh học của vi nấm gây bệnh trên cá tra (Pangasianodon hypophthalmus) : Báo cáo tổng kết đề tài khoa học và công nghệ cấp Trường

Nhằm xác định khả năng gây bệnh của vi khuẩn trên trứng và cá tra giống làm cơ sở đề xuất hướng nghiên cứu phòng và trị bệnh vi nấm trên cá tra và động vật thủy sản.

Bewaard in:
Bibliografische gegevens
Hoofdauteur: Đặng, Thụy Mai Thy
Formaat: Boek
Taal:Undetermined
Gepubliceerd in: Cần Thơ Trường Đại học Cần Thơ 2015
Onderwerpen:
Tags: Voeg label toe
Geen labels, Wees de eerste die dit record labelt!
Thư viện lưu trữ: Trung tâm Học liệu Trường Đại học Cần Thơ
LEADER 01318nam a2200241Ia 4500
001 CTU_210183
008 210402s9999 xx 000 0 und d
082 |a 639.31 
082 |b Th600 
088 |a T2014-37 
100 |a Đặng, Thụy Mai Thy 
245 0 |a Nghiên cứu đặc điểm bệnh học của vi nấm gây bệnh trên cá tra (Pangasianodon hypophthalmus) : 
245 0 |b Báo cáo tổng kết đề tài khoa học và công nghệ cấp Trường 
245 0 |c Đặng Thụy Mai Thy (chủ nhiệm đề tài) 
260 |a Cần Thơ 
260 |b Trường Đại học Cần Thơ 
260 |c 2015 
520 |a Nhằm xác định khả năng gây bệnh của vi khuẩn trên trứng và cá tra giống làm cơ sở đề xuất hướng nghiên cứu phòng và trị bệnh vi nấm trên cá tra và động vật thủy sản. 
650 |a Freshwater fishes,Pangasianodon hypophthalmus,Cá nước ngọt,Cá nước ngọt,Vi nấm gây bệnh cá tra,Freshwater fishes 
650 |x Diseases,Kỹ thuật nuôi,Bệnh tật,Breeding 
904 |i võ thị cẩm tú,Qhieu 
915 |a TS 
980 |a Trung tâm Học liệu Trường Đại học Cần Thơ